Panamá: el régimen de Torrijos y la cuestión del Estado burocrático - autoritario 1968-1984

Shranjeno v:
Bibliografske podrobnosti
Glavni avtor: Maloney F, Gerardo
Korporativna značnica: CELA
Format: Texto
Izdano: Panamá: CELA
Oznake: Označite
Brez oznak, prvi označite!

MARC

LEADER 00000 a a2200000 04500
001 21654
003
040
090 |a 096500  
100 |a Maloney F, Gerardo  
110 |a CELA  
245 |a Panamá: el régimen de Torrijos y la cuestión del Estado burocrático - autoritario 1968-1984  
260 |a Panamá:   |b CELA  
300 |a 20 p.  
999 |c 13603  |d 13603